| 000 | 00618nam a2200217Ia 4500 | ||
|---|---|---|---|
| 005 | 20250425161828.0 | ||
| 008 | 250425s9999 xx 000 0 und d | ||
| 041 | _aspa | ||
| 082 | _a350.0091 | ||
| 245 | 0 | _aPROYECTO DE DESARROLLO ORGANIZACIONAL 1 ETAPA | |
| 250 | _a1A ED. | ||
| 260 |
_aEcuador _bESPOL -ESPAE ESCUELA DE POSGRADO EN ADMINISTRACION DE EMPRESAS _c1991 |
||
| 260 | _aGUAYAQUIL | ||
| 300 | _a78 | ||
| 500 | _aCONTENIDO GENERAL TOMO II MANUAL ORGANICO Y FUNCIONAL | ||
| 650 | _aADMINISTRACION | ||
| 650 | _aDESARROLLO ORGANIZACIONAL | ||
| 650 | _aPROYECTO | ||
| 942 | _c01 | ||
| 010 | _a31397 | ||
| 999 |
_c216949 _d216949 |
||